02772nam a2200385uu 4500001000800000005001700008008004100025035001200066040001300078041000800091082000800099100005600107245015000163260003900313300001100352520132400363650002501687650002601712650003601738650003201774650002001806650002901826650002801855650004401883650004901927650004201976700005602018700004702074700005102121942001002172999001902182502001202201526000802213952016502221150339220260508093106.0180827s2018 spa  a1503392 ccomduadb aspa 4a64110aGarcía Barbarán, Ana Karenina4auteaut977228413aLa intención comunicativa presente en la práctica del food porn de Tulio recomienda e eating foodd en sus perfiles de la red social instagram aMedellín :bAutores (as),c2018. aCD-ROM3 aEsta investigación cualitativa de carácter exploratorio con perspectiva interpretativa, buscó identificar la intención comunicativa que se da en la práctica del food porn de Tulio Recomienda e Eating Foodd en sus perfiles de la red social Instagram; para lograr esto, se definió inicialmente si existe o no, una estrategia comunicativa en la práctica del food porn por parte de ambas personas, también, se determinó la manera en cómo está direccionada la intención a partir de la periodicidad de sus publicaciones y se interpretaron ocho imágenes con relación a los elementos compositivos. Se describieron los objetos de estudio y se emplearon los métodos de fuente directa, netnografía y análisis de imagen, a su vez los instrumentos que se aplicaron fueron la entrevista semiestructurada, la línea del tiempo y la matriz de análisis de imagen. Lo anterior se analizó bajo la mirada de Guy Debord (1967) con su teoría de La sociedad del espectáculo, Manuel Castells con su teoría de La sociedad en red, Javier Marzal Felici (2004) con su modelo de Análisis compositivo de la imagen, Alicia Johnston (2016) con su definición de estrategia de marketing para redes sociales y José Luis Brea (2010) con su libro Las tres eras de la imagen: imagen-materia, film, e- image aComida porno9226806 0aRedes sociales952123 aImagen y comunicación9225726 7aComunicación2embne91550 aComidas9109722 aEspectacularidad9169952 aComida compulsiva91521 aAlimentos - Aspectos culturales9227971 aComunicación - Aspectos culturales9226209 aAlimentos - Aspectos sociales918620210aGómez Sepúlveda, Paola Andrea4auteaut977394110aMesa Franco, Ana Lucía4auieaui957813410aCano Ramírez, Carlos Mario4thseths9337030 cTESIS c786971d786971 b119c13 a120 001040708TESDIGBCaBCbBCd2018-08-27eMaterial adquirido por donacióniC1292971l0o641.59 G215 CD-ROMp01056760r2023-05-04 00:00:00t1w2023-05-04yBOOK